Statistics for Linkin Park Song Lyrics

Click here to take the quiz!

General Stats

  • This quiz has been taken 50 times
  • The average score is 6 of 15

Answer Stats

Lyrics Answer % Correct
Wash the poison from off my skin, Show me how to be whole againCastle Of Glass
85%
I remembered each flash, As time began to blur, Like a startling sign, That fate had finally found meNew Divide
68%
All these thoughts: they make no sense, I find bliss in ignoranceOne Step Closer
66%
Sometimes beginnings aren't so simple, Sometimes goodbye's the only wayShadow Of The Day
61%
We are the fortunate ones, Who've never faced oppression's gunRebellion
41%
All the walls that you keep building, All this time that I spent chasing, All the ways that I keep losing youTalking To Myself
41%
Too many things that you've said about me when I'm not around, You think having the upper hand means you gotta keep putting me downHit The Floor
37%
All you've ever wanted, Was someone to truly look up to you, And six feet under water, I doThe Little Things Give You Away
34%
I never been higher than I was that night, I woke up driving my carHalfway Right
24%
I'm not a criminal, not a role model, Not a born leader, I'm a tough act to follow, I am not the fortune and the fame, Or the same person telling you to forfeit the gameWhen They Come For Me
24%
You say the weight of the world, Has kept you from letting go, And you think compassion's a flaw, And you'll never let it showRobot Boy
20%
And pours over the rusted world of pretend, And the eyes ease open and it's dark againForgotten
20%
Can y'all explain what kind of land is this when a man has plans of being rich, But the bosses plans is wealthy? Dirty money scheme, a clean split is nonsenseGuilty All The Same
17%
There was so much more to lose, Than the pain I put you through, In my carelessness I left you in the darkMark The Graves
15%
We swim against the rising waves, And crash against the shoreUntil The Breaks
0%

Score Distribution

Percentile by Number Answered

Percent of People with Each Score

Your Score History

You have not taken this quiz